10 Most Global Cities in North America - Statistics

General Stats
  • This quiz has been taken 2,738 times
  • The average score is 9 of 10
Answer Stats
Rating City % Correct
Alpha++ New York City
100%
Alpha Los Angeles
99%
Alpha Chicago
97%
Alpha- San Francisco
90%
Alpha- Miami
89%
Alpha Toronto
89%
Alpha Mexico City
88%
Beta+ Boston
85%
Alpha- Washington
80%
Beta+ Atlanta
68%
No matching quizzes found
Score Distribution
Percent of People with Each Score
Percentile by Number Answered
Your Score History
You have not taken this quiz